[Event "London Classic Open 2016"]
[Site "London ENG"]
[Date "2016.12.15"]
[Round "8.55"]
[White "Stigar, Petter"]
[Black "Seymour, Timothy P"]
[Result "1-0"]
[WhiteTitle "FM"]
[WhiteElo "2236"]
[BlackElo "2060"]
[WhiteFideId "1500341"]
[BlackFideId "412112"]
[EventDate "2016.12.09"]

1. Nf3 Nf6 2. c4 b6 3. g3 Bb7 4. Bg2 g6 5. O-O Bg7 6. Nc3 O-O 7. d4 Ne4 8. Nxe4
Bxe4 9. Be3 d6 10. Qd2 c5 11. Bh6 Nd7 12. Bxg7 Kxg7 13. Rac1 Nf6 14. Rfd1 Qc7
15. Qe3 Qb7 16. Bh3 Bxf3 17. exf3 Rab8 18. f4 e6 19. Bg2 Qc7 20. Qc3 Rfe8 21. d5
e5 22. fxe5 Rxe5 23. f4 Re2 24. Bf3 Rbe8 25. Bxe2 Rxe2 26. Re1 Rxe1+ 27. Rxe1
Qd8 28. Kg2 Kg8 29. h3 Nh5 30. Kf3 Ng7 31. Qe3 Kf8 32. g4 Qd7 33. Qc3 Qd8 34.
Kg3 Kg8 35. a3 h5 36. b4 h4+ 37. Kf3 Ne8 38. Re2 Nf6 39. Qe1 1-0

[Event "London Classic Open 2016"]
[Site "London ENG"]
[Date "2016.12.15"]
[Round "8.56"]
[White "Korning, Peter"]
[Black "Chan, Kim Yew"]
[Result "0-1"]
[WhiteElo "2081"]
[BlackElo "2231"]
[WhiteFideId "1723332"]
[BlackFideId "5717981"]
[EventDate "2016.12.09"]

1. e4 c5 2. d4 cxd4 3. c3 dxc3 4. Nxc3 Nc6 5. Nf3 d6 6. Bc4 a6 7. O-O Nf6 8. Bf4
Bg4 9. h3 Bxf3 10. Qxf3 e6 11. Rfd1 Qb8 12. Rac1 Be7 13. Be2 O-O 14. Qg3 Rd8 15.
Bf3 Ne5 16. Be2 b5 17. a3 Ng6 18. Be3 Qb7 19. f4 Nxe4 20. Nxe4 Qxe4 21. Rc7 Bh4
22. Qf3 Qxf3 23. Bxf3 d5 24. f5 Ne5 25. fxe6 fxe6 26. Bf4 Nxf3+ 27. gxf3 Bf6 28.
Re1 Re8 29. Be5 Bxe5 30. Rxe5 Kf8 31. Rg5 Re7 32. Rxe7 Kxe7 33. Rxg7+ Kf6 34.
Rxh7 Rc8 35. Ra7 d4 36. Rxa6 Rc2 37. Kf1 Rxb2 38. h4 Ke5 39. h5 d3 40. Ke1 Kd5
41. h6 Rh2 42. Rb6 e5 43. Rxb5+ Kd4 44. a4 e4 45. fxe4 Ke3 46. Kf1 d2 47. Rd5
Rh1+ 48. Kg2 d1=Q 49. Rxd1 Rxd1 50. e5 Rd7 51. Kg3 Ke4 52. Kg4 Kxe5 53. Kg5 Ke6
54. Kg6 Rd1 55. h7 Rg1+ 56. Kh6 Kf7 57. h8=N+ Kf6 58. Kh7 Ra1 59. Kg8 Rxa4 60.
Kh7 Ra7+ 61. Kg8 Rb7 0-1

[Event "London Classic Open 2016"]
[Site "London ENG"]
[Date "2016.12.15"]
[Round "8.57"]
[White "Kett, Tim"]
[Black "Tiwari, Ashwani"]
[Result "1-0"]
[BlackTitle "FM"]
[WhiteElo "2228"]
[BlackElo "2065"]
[WhiteFideId "1801210"]
[BlackFideId "5006961"]
[EventDate "2016.12.09"]

1. d4 f5 2. Bg5 c6 3. Nc3 d5 4. e3 Qb6 5. Na4 Qa5+ 6. c3 e6 7. Nf3 Nd7 8. Be2
Ngf6 9. O-O Bd6 10. b4 Qd8 11. Nc5 Nxc5 12. bxc5 Bc7 13. c4 O-O 14. Ne5 Bxe5 15.
dxe5 h6 16. Bxf6 gxf6 17. f4 fxe5 18. fxe5 Bd7 19. Rb1 Qc7 20. Qd4 Be8 21. Rf3
Rb8 22. Rbf1 Kh7 23. Rh3 Bg6 24. Qf4 Qg7 25. Rff3 b6 26. Rfg3 Rg8 27. Rh4 bxc5
28. Rgh3 Rb1+ 29. Kf2 Bh5 30. g3 Qg5 31. Qxg5 Rxg5 32. Bxh5 Rb2+ 33. Kf3 Kg7 34.
Be8 Rg4 35. Rxh6 dxc4 36. Rh8 1-0

[Event "London Classic Open 2016"]
[Site "London ENG"]
[Date "2016.12.15"]
[Round "8.58"]
[White "Waddington, Mike P"]
[Black "Boel, Marcel"]
[Result "1/2-1/2"]
[WhiteTitle "FM"]
[WhiteElo "2078"]
[BlackElo "2219"]
[WhiteFideId "410497"]
[BlackFideId "1008870"]
[EventDate "2016.12.09"]

1. c4 e5 2. Nc3 Nf6 3. g3 c6 4. d4 exd4 5. Qxd4 d5 6. Bg2 dxc4 7. Qxc4 Be6 8.
Qa4 Bc5 9. Nf3 O-O 10. O-O Nbd7 11. Ng5 Qe7 12. Nxe6 Qxe6 13. Bf4 h6 14. Rad1
Rfe8 15. a3 a5 16. Qc2 g5 17. Bc1 Bf8 18. e4 b5 19. e5 Nxe5 20. Rfe1 g4 21. Re3
b4 22. Rde1 bxc3 23. Rxe5 Qxe5 24. Rxe5 Rxe5 25. Be3 Nd5 26. Bxd5 Rxd5 27. Qxc3
Rc8 28. Kg2 h5 29. Bd4 Rcd8 30. Bb6 Rb8 31. Bd4 Rbd8 32. Bb6 Rb8 33. Bd4 a4 34.
Bf6 Rf5 35. Bd4 c5 36. Be3 Rb3 37. Qc4 Rxb2 38. Qxa4 Re5 39. Bc1 Rbe2 40. Bf4
R5e4 41. Qa8 h4 42. h3 hxg3 43. Bxg3 gxh3+ 44. Kxh3 Re6 45. Qd5 Rh6+ 46. Kg2
Ree6 47. a4 Ra6 48. Qc4 Ra7 49. Be5 Rha6 50. Bb2 Rg6+ 51. Kf1 Rb7 52. Bc3 Rb1+
53. Ke2 Re6+ 54. Kf3 Rc1 55. Qd3 Rh1 56. Qf5 Rhh6 57. a5 Rc6 58. Ke2 Rhg6 59.
Kf1 Bg7 60. Bxg7 Kxg7 61. Qe5+ Kh7 62. Qh5+ Kg8 63. a6 Rxa6 64. Qxc5 Ra1+ 65.
Ke2 Re6+ 66. Kf3 Rf6+ 67. Ke3 Re1+ 68. Kd2 Re4 69. Qg5+ Rg6 70. Qd8+ Kg7 71. f3
Rf4 72. Qd5 Rff6 73. Qe5 Kg8 74. Qb8+ Kh7 75. Ke3 Rg5 76. Qh2+ Kg6 77. Qc2+ Kg7
78. Qb2 Rg3 79. Qf2 Rfg6 80. Qb2+ Kh7 81. Qh2+ Kg8 82. Qh4 Rg2 83. Qd8+ Kg7 84.
Qd4+ Rf6 85. Qa1 Kg6 86. Qb1+ Rf5 87. Qb6+ Kh5 88. Qb8 Rg6 89. Qh2+ Kg5 1/2-1/2

[Event "London Classic Open 2016"]
[Site "London ENG"]
[Date "2016.12.15"]
[Round "8.59"]
[White "Grigoryan, Meri"]
[Black "Czajkowski, Adam"]
[Result "1/2-1/2"]
[WhiteTitle "WFM"]
[WhiteElo "1972"]
[BlackElo "2212"]
[WhiteFideId "13300571"]
[BlackFideId "1151932"]
[EventDate "2016.12.09"]

1. d4 Nf6 2. Bf4 g6 3. Nc3 d5 4. Qd2 Bf5 5. Nf3 Bg7 6. h3 O-O 7. Nh4 Be6 8. Bh6
c5 9. Bxg7 Kxg7 10. e3 Nc6 11. dxc5 Qa5 12. Bb5 a6 13. Bxc6 bxc6 14. O-O Rab8
15. b3 Qxc5 16. Na4 Qd6 17. Qc3 Bc8 18. f4 Kg8 19. Nc5 Rb5 20. b4 a5 21. a3 axb4
22. axb4 Ne4 23. Nxe4 dxe4 24. Rfd1 Qc7 25. Qd4 Rh5 26. Ra7 Qb8 27. Rxe7 Rd5 28.
Qa1 Qxb4 29. Re5 Qc5 30. Rxe4 Qxc2 31. Red4 Be6 32. e4 Rxd4 33. Qxd4 c5 34. Qd3
Qxd3 35. Rxd3 c4 36. Rc3 Rb8 37. Nf3 Rb3 38. Rc2 Re3 39. Ng5 c3 40. Kf2 Rd3 41.
Nxe6 fxe6 42. Ke2 Rg3 1/2-1/2

[Event "London Classic Open 2016"]
[Site "London ENG"]
[Date "2016.12.15"]
[Round "8.60"]
[White "Gurevich, Artjom"]
[Black "Mladek, Richard"]
[Result "1/2-1/2"]
[WhiteElo "2207"]
[BlackElo "2024"]
[WhiteFideId "2603870"]
[BlackFideId "386588"]
[EventDate "2016.12.09"]

1. d4 Nf6 2. c4 c5 3. d5 b5 4. cxb5 a6 5. b6 d6 6. Nc3 g6 7. e4 Nbd7 8. Nf3 Bg7
9. Be2 O-O 10. O-O Nxb6 11. a4 Rb8 12. h3 Ne8 13. Re1 Nc7 14. Bf4 Nd7 15. Qd2
Rb4 16. Bd3 c4 17. Bf1 Nc5 18. Ra2 Nb3 19. Qd1 a5 20. Bxc4 Rxc4 21. Qxb3 Rb4 22.
Qc2 Na6 23. Bd2 Bd7 24. Nb5 Bxb5 25. axb5 Rxb5 26. Qc6 Qb6 27. Qxb6 Rxb6 28.
Rxa5 Nc5 29. Be3 Rc8 30. Rc1 Bxb2 31. Bxc5 Rb7 32. Rc2 dxc5 33. Raxc5 Rxc5 34.
Rxc5 Rb4 35. e5 Ba3 36. Rc3 Bb2 37. Rc7 Ba3 38. Rc3 Bb2 39. Rc7 Ba3 40. Kh2 Rb5
41. Rd7 Bb2 42. Kg3 Kf8 43. Rd8+ Kg7 44. Kf4 f6 45. exf6+ Kxf6 46. Ke4 Rb3 47.
Ra8 Rb6 48. Rc8 Rb4+ 49. Ke3 h6 50. Rc6+ Kf7 51. Re6 Bf6 52. Ne5+ Bxe5 53. Rxe5
Kf6 54. Re6+ Kf7 55. Re4 Rb3+ 56. Kd4 Rb2 57. Rf4+ Kg7 58. Rf3 Rb6 59. Ke5 Rd6
60. g4 g5 61. Rf5 Ra6 62. f4 Kg6 63. fxg5 hxg5 64. Rf3 Kg7 65. Rc3 Rf6 66. Rc6
Rf1 67. Ke6 Re1+ 68. Kf5 Rd1 69. Kxg5 Rxd5+ 70. Kf4 Rd1 71. h4 Rf1+ 72. Kg5 Re1
73. h5 Re5+ 74. Kf4 Re1 75. Rc4 Kh6 76. Re4 Rf1+ 77. Ke5 Rf6 78. Rf4 Ra6 79. Rf7
Ra5+ 80. Kf4 Ra4+ 81. Kg3 Re4 82. Kh4 Re5 83. Rf3 Re4 84. Ra3 Re6 85. g5+ Kg7
86. Kg4 Re1 87. Ra4 Re5 88. Kf4 Re1 89. Kf5 Rh1 90. h6+ Kh7 91. Re4 Rf1+ 92. Kg4
Rg1+ 93. Kh5 Rh1+ 94. Rh4 Rg1 95. Rf4 Rh1+ 96. Rh4 Rg1 97. Ra4 Rh1+ 98. Kg4 Rg1+
99. Kf5 Rh1 100. Rf4 Re1 101. Rg4 Rf1+ 102. Rf4 Re1 103. Rg4 Rf1+ 104. Rf4 Re1
105. Kg4 Rg1+ 106. Kh5 Rh1+ 107. Rh4 1/2-1/2

[Event "London Classic Open 2016"]
[Site "London ENG"]
[Date "2016.12.15"]
[Round "8.62"]
[White "Pein, Jonathan"]
[Black "Kalavannan, Koby"]
[Result "1/2-1/2"]
[WhiteElo "1971"]
[BlackElo "2163"]
[WhiteFideId "417092"]
[BlackFideId "425753"]
[EventDate "2016.12.09"]

1. e4 c5 2. Nf3 Nc6 3. d4 cxd4 4. Nxd4 g6 5. Nc3 Bg7 6. Be3 Nf6 7. Bc4 O-O 8.
Bb3 Re8 9. O-O d6 10. h3 Na5 11. Qd2 b6 12. Bh6 Nxb3 13. axb3 Bb7 14. Bxg7 Kxg7
15. Rfe1 a6 16. Rad1 Qc7 17. f4 Rad8 18. f5 e5 19. fxe6 fxe6 20. e5 Nd5 21.
Nxe6+ Rxe6 22. Nxd5 Qc5+ 23. Kh1 Bxd5 24. Qxd5 Qxd5 25. Rxd5 Rde8 26. Ra1 dxe5
27. Rxa6 e4 28. Ra1 Rf6 29. Rd7+ Kh6 30. Raa7 Kg5 31. Kg1 Kf4 32. Kf2 e3+ 33.
Ke2 Kg3 34. Re7 Rf2+ 35. Kxe3 Rxe7+ 36. Rxe7 Rxc2 37. Rxh7 Rxb2 38. Rg7 Rxb3+
39. Kd4 Kxg2 40. Rxg6+ Kxh3 41. Kc4 Rb1 42. Rg5 Rc1+ 43. Kb5 Rb1+ 44. Ka6 Kh4
45. Rb5 Rxb5 46. Kxb5 Kg5 1/2-1/2

[Event "London Classic Open 2016"]
[Site "London ENG"]
[Date "2016.12.15"]
[Round "8.64"]
[White "Zoltek, Tadeusz"]
[Black "Bhat, Vishal"]
[Result "1-0"]
[WhiteTitle "FM"]
[WhiteElo "2140"]
[BlackElo "1989"]
[WhiteFideId "1101048"]
[BlackFideId "3216330"]
[EventDate "2016.12.09"]

1. Nf3 d5 2. d4 Nf6 3. c4 c6 4. Nc3 dxc4 5. a4 Bf5 6. e3 e6 7. Bxc4 Bb4 8. O-O
Nbd7 9. Qe2 Bg6 10. Rd1 O-O 11. Bd3 Qe7 12. Bxg6 hxg6 13. e4 e5 14. d5 Rfd8 15.
Bg5 Nc5 16. Qc4 a5 17. h3 Qc7 18. Be3 Bxc3 19. d6 Qc8 20. Bxc5 Bb4 21. Bxb4 axb4
22. Nxe5 Qe6 23. Qxe6 fxe6 24. f3 g5 25. a5 c5 26. Nc4 Nd7 27. e5 Ra6 28. Rac1
Kh7 29. Re1 Kg6 30. Kf2 Nb8 31. Re4 Nc6 32. h4 Nxa5 33. Rg4 Nc6 34. Rxg5+ Kf7
35. Ne3 b6 36. f4 Ra2 37. Rb1 b5 38. h5 c4 39. Kg3 b3 40. Rg6 Nd4 41. Kh4 Nc2
42. Nd1 b4 43. f5 Nd4 44. fxe6+ Nxe6 45. Ne3 Nd4 46. Rf1+ Kg8 47. Nxc4 Nb5 48.
h6 Ra7 49. Rf4 Kh7 50. Rfg4 gxh6 51. Kh5 Kh8 52. e6 Nxd6 53. Nxd6 Rxd6 54. e7 1-0

[Event "London Classic Open 2016"]
[Site "London ENG"]
[Date "2016.12.15"]
[Round "8.65"]
[White "Caglar, Sila"]
[Black "Britton, Richard L"]
[Result "1-0"]
[WhiteTitle "WFM"]
[BlackTitle "FM"]
[WhiteElo "1938"]
[BlackElo "2139"]
[WhiteFideId "6364063"]
[BlackFideId "401692"]
[EventDate "2016.12.09"]

1. e4 c5 2. Nf3 d6 3. d4 cxd4 4. Nxd4 Nf6 5. Nc3 a6 6. Qe2 e6 7. g4 Qb6 8. Nb3
Be7 9. Be3 Qc7 10. O-O-O b5 11. g5 Nfd7 12. a3 Nc6 13. f4 Nb6 14. Kb1 Nc4 15.
Bc1 O-O 16. h4 Bd7 17. Bh3 Rfc8 18. h5 Be8 19. Rhg1 Nd8 20. Nd5 exd5 21. Bxc8
Rxc8 22. exd5 Nb7 23. f5 Bf8 24. g6 Ne5 25. gxh7+ Kh8 26. f6 g6 27. Nd4 Qc4 28.
Qg2 Nc5 29. b3 Qc3 30. Bb2 Qe3 31. hxg6 Nxg6 32. Nf5 Qe4 33. Qxg6 fxg6 34. f7+
Qe5 35. Bxe5+ dxe5 36. fxe8=Q Rxe8 37. Rxg6 1-0

[Event "London Classic Open 2016"]
[Site "London ENG"]
[Date "2016.12.15"]
[Round "8.66"]
[White "Wilks, Simon"]
[Black "Horak, Martin"]
[Result "1-0"]
[WhiteElo "1935"]
[BlackElo "2126"]
[WhiteFideId "427357"]
[BlackFideId "367095"]
[EventDate "2016.12.09"]

1. e4 e6 2. d4 d5 3. Nc3 Bb4 4. e5 c5 5. Bd2 Ne7 6. Nb5 Bxd2+ 7. Qxd2 O-O 8. f4
Nf5 9. dxc5 Qh4+ 10. Qf2 Qxf2+ 11. Kxf2 Na6 12. Nd6 Nxc5 13. Nxf5 exf5 14. Nf3
Be6 15. Be2 Rac8 16. c3 f6 17. Rhd1 g5 18. fxg5 fxg5 19. Nxg5 Ne4+ 20. Nxe4
fxe4+ 21. Ke3 Rf5 22. Bg4 Rxe5 23. Bxe6+ Rxe6 24. Rxd5 Rb6 25. Rd2 Rf8 26. Rad1
Re8 27. Rf1 Rh6 28. g3 Rhe6 29. Rf4 R8e7 30. c4 a5 31. b3 b6 32. Rd4 Rh6 33. h4
Rg6 34. g4 h5 35. g5 a4 36. Rfxe4 Ra7 37. Kd3 Rgg7 38. Kc3 Rgf7 39. Rd6 Rf2 40.
Rd2 Rf3+ 41. Kb4 axb3 42. axb3 Rc7 43. Red4 Rh3 44. R2d3 Rh2 45. Kb5 Ra2 46. b4
Raa7 47. Rd6 Rab7 48. Rg6+ Kf7 49. Rh6 Kg7 50. Rxh5 Rf7 51. Rh6 Rf4 52. Rdd6
Rf5+ 53. Ka6 Rb8 54. Rd7+ Kg8 55. Rxb6 Re8 56. c5 Rf4 57. h5 Rf5 58. Kb7 Rxg5
59. Rg6+ Kh8 60. Rh7+ Kxh7 61. Rxg5 1-0

[Event "London Classic Open 2016"]
[Site "London ENG"]
[Date "2016.12.15"]
[Round "8.67"]
[White "Johnson, Daniel"]
[Black "Klingher, Dominic"]
[Result "0-1"]
[WhiteElo "1877"]
[BlackElo "2126"]
[WhiteFideId "1721283"]
[BlackFideId "428850"]
[EventDate "2016.12.09"]

1. d4 Nf6 2. c4 g6 3. Nc3 Bg7 4. Nf3 O-O 5. Bg5 d6 6. e3 Nbd7 7. Be2 e5 8. O-O
Re8 9. Qc2 c6 10. Rfd1 Qc7 11. b4 h6 12. Bh4 Nh7 13. Bg3 f5 14. Rac1 Rf8 15. c5
d5 16. dxe5 Nxe5 17. Qb3 Be6 18. b5 Nxf3+ 19. Bxf3 Qf7 20. Qa4 Rfc8 21. bxc6
bxc6 22. Qa6 Ng5 23. Ne2 Nxf3+ 24. gxf3 g5 25. Rb1 Qh5 26. Rb7 Qxf3 27. Re7 Re8
28. Rxe8+ Rxe8 29. Qxc6 Bf7 30. Qa6 f4 31. c6 fxg3 32. hxg3 d4 0-1

[Event "London Classic Open 2016"]
[Site "London ENG"]
[Date "2016.12.15"]
[Round "8.68"]
[White "Suder, Ryszard"]
[Black "Gudenas, Motiejus"]
[Result "1/2-1/2"]
[WhiteElo "2123"]
[BlackElo "1919"]
[WhiteFideId "1102699"]
[BlackFideId "2405229"]
[EventDate "2016.12.09"]

1. Nf3 Nf6 2. g3 g6 3. b3 Bg7 4. Bb2 O-O 5. Bg2 c5 6. c4 Nc6 7. O-O d6 8. d4
cxd4 9. Nxd4 Qb6 10. Nc2 Be6 11. Ne3 Ng4 12. Bxg7 Nxe3 13. Qc1 Nxf1 14. Bxf8
Nxg3 15. hxg3 Rxf8 16. Nc3 Qd4 17. Nb5 Qe5 18. e3 a6 19. Nc7 Rc8 20. Nxe6 fxe6
21. Qd1 Rf8 22. Rc1 Qf5 23. Qc2 Qxc2 24. Rxc2 Rc8 25. Kf1 Kf7 26. Ke2 Rc7 27.
Kd2 Ne5 28. f4 Nd7 29. Rc1 e5 30. Rh1 Kg7 31. Bd5 exf4 32. exf4 Nf6 33. Bf3 b6
34. Re1 Kf7 35. Kd3 Rc5 36. b4 Rc7 37. Kd4 e6 38. g4 h6 39. Re3 h5 40. g5 Nd7
41. Ra3 Ra7 42. Bc6 Ke7 43. Be4 Nf8 44. Bc6 a5 45. Be4 Kd7 46. Bd3 Kc6 47. Be4+
Kc7 48. c5 bxc5+ 49. bxc5 d5 50. Bc2 Kd7 51. Rb3 Kc7 52. Ra3 Ra6 53. Bd3 Ra8 54.
Ke5 Kc6 55. Rc3 Nd7+ 56. Kxe6 Nxc5+ 57. Kf7 Kd6 58. f5 gxf5 59. Bxf5 Ne4 60.
Bxe4 dxe4 61. g6 Kd5 62. Rh3 Kd4 63. Rxh5 e3 64. g7 e2 65. Rh1 Kd3 66. g8=Q Rxg8
67. Kxg8 Kd2 68. Kf7 e1=Q 69. Rxe1 Kxe1 70. Ke6 Kd2 71. Kd5 Kc3 72. a4 Kb4 73.
Kd4 Kxa4 74. Kc4 Ka3 75. Kc3 Ka2 76. Kc2 a4 77. Kc1 Ka1 78. Kc2 Ka2 79. Kc1 a3
80. Kc2 Ka1 81. Kc1 a2 82. Kc2 1/2-1/2

[Event "London Classic Open 2016"]
[Site "London ENG"]
[Date "2016.12.15"]
[Round "8.69"]
[White "Cordes, Hans-Joerg"]
[Black "Skutta, Bernd"]
[Result "1-0"]
[WhiteTitle "FM"]
[WhiteElo "2259"]
[BlackElo "1942"]
[WhiteFideId "4602234"]
[BlackFideId "4666950"]
[EventDate "2016.12.09"]

1. d4 g6 2. c4 Bg7 3. Nc3 Nf6 4. e4 d6 5. f3 O-O 6. Be3 a6 7. Qd2 c6 8. a4 Nbd7
9. Bd3 e5 10. d5 cxd5 11. cxd5 Nh5 12. Nge2 f5 13. exf5 gxf5 14. O-O Nc5 15. Bc4
b6 16. b4 Nd7 17. Rfc1 f4 18. Bf2 e4 19. Nxe4 Bxa1 20. Rxa1 Ne5 21. Bb3 Ra7 22.
Kh1 Rg7 23. Nd4 Nf6 24. Qxf4 Nd3 25. Nxf6+ Qxf6 26. Qd2 Nxf2+ 27. Qxf2 Rg4 28.
Rd1 Re8 29. Kg1 Rg6 30. Ne6 Qc3 31. Bc2 Rh6 32. Bf5 Qe5 33. g4 Bxe6 34. dxe6 a5
35. Qd2 Rh3 36. Re1 Rxh2 37. Qg5+ 1-0

[Event "London Classic Open 2016"]
[Site "London ENG"]
[Date "2016.12.15"]
[Round "8.70"]
[White "Grant, Jonathan I M"]
[Black "Lechner, Marcus"]
[Result "0-1"]
[WhiteElo "2218"]
[BlackElo "2000"]
[WhiteFideId "2400294"]
[BlackFideId "1629034"]
[EventDate "2016.12.09"]

1. c4 e5 2. g3 Nf6 3. Bg2 Bc5 4. Nc3 O-O 5. Nf3 Nc6 6. O-O d6 7. d3 h6 8. a3 a5
9. b3 Re8 10. Bb2 Bg4 11. h3 Bf5 12. e3 Ba7 13. Nd5 Nxd5 14. cxd5 Ne7 15. e4 Bh7
16. Kh2 f5 17. exf5 Nxf5 18. Rc1 Rc8 19. Nd2 Bd4 20. Bxd4 Nxd4 21. Nf3 c5 22.
dxc6 Nxc6 23. b4 axb4 24. axb4 Kh8 25. b5 Nb4 26. Rxc8 Qxc8 27. Ne1 d5 28. f4 e4
29. dxe4 Bxe4 30. Qd4 Qc4 31. Nf3 Qxb5 32. Ne5 Nc6 33. Nxc6 bxc6 34. Re1 c5 35.
Qf2 Bxg2 36. Kxg2 Rxe1 37. Qxe1 Qd3 38. Qe8+ Kh7 39. Qf7 Qe4+ 40. Kh2 d4 41. Qc4
Qf5 42. Kg2 Qe4+ 43. Kh2 Qf5 44. Kg2 h5 45. Kf3 g5 46. Qe2 g4+ 47. Kf2 gxh3 48.
Qe7+ Kh6 49. Qd6+ Kg7 50. Qe7+ Qf7 51. Qe5+ Kh7 52. Qxc5 Qa2+ 53. Kf1 Qg2+ 54.
Ke1 Qxg3+ 55. Kd1 Qf3+ 0-1

[Event "London Classic Open 2016"]
[Site "London ENG"]
[Date "2016.12.15"]
[Round "8.71"]
[White "Millward, Kevin P"]
[Black "Willmoth, Robert F"]
[Result "0-1"]
[BlackTitle "CM"]
[WhiteElo "2027"]
[BlackElo "2216"]
[WhiteFideId "404721"]
[BlackFideId "402540"]
[EventDate "2016.12.09"]

1. d4 d6 2. Bf4 Nd7 3. Nf3 Ngf6 4. e3 Nh5 5. Bg5 h6 6. Bh4 g5 7. Nfd2 Ndf6 8.
Be2 Ng7 9. Bg3 Nf5 10. Nf1 h5 11. h3 c5 12. c3 cxd4 13. exd4 Nxg3 14. Nxg3 h4
15. Nf1 Qb6 16. Qb3 Qxb3 17. axb3 d5 18. Ne3 e6 19. Nd2 Bd6 20. Nf3 Rg8 21. Ne5
Ke7 22. Bf3 Bxe5 23. dxe5 Nd7 24. Ng4 f5 25. exf6+ Nxf6 26. O-O-O Nxg4 27. Bxg4
b5 28. Rhe1 Kf6 29. Rd3 a5 30. Rde3 Ra6 31. Rf3+ Ke7 32. Rd3 Rd6 33. Rde3 Bd7
34. g3 hxg3 35. fxg3 b4 36. Re5 Kf6 37. R5e3 Rg7 38. Rf1+ Ke7 39. Rfe1 Rb6 40.
Kc2 Rf7 41. R1e2 Rf1 42. Re1 Rxe1 43. Rxe1 Be8 44. Kd3 Bf7 45. Ra1 bxc3 46. bxc3
Rxb3 47. Rxa5 Rb6 48. Ra7+ Kf6 49. Ra2 Rc6 50. Rf2+ Ke7 51. Re2 Rc4 52. Kd2 Ra4
53. Re3 Ra2+ 54. Kd3 Kd6 55. Re2 Bg6+ 56. Ke3 Ra3 57. Kd2 Be4 58. Rf2 Ke5 59.
Rf8 Ra2+ 60. Ke3 Rg2 61. Re8 Rxg3+ 62. Kf2 Rxc3 63. Rxe6+ Kd4 64. Ra6 Rc2+ 65.
Ke1 Ke3 66. Ra3+ Bd3 67. Rxd3+ Kxd3 68. Bf5+ Kc3 69. Bxc2 Kxc2 0-1

[Event "London Classic Open 2016"]
[Site "London ENG"]
[Date "2016.12.15"]
[Round "8.72"]
[White "Thuesen, Mogens"]
[Black "Brozel, Sacha"]
[Result "1-0"]
[WhiteElo "2212"]
[BlackElo "2035"]
[WhiteFideId "1400878"]
[BlackFideId "429317"]
[EventDate "2016.12.09"]

1. e4 c5 2. Nf3 e6 3. b4 b6 4. bxc5 bxc5 5. Nc3 Nc6 6. Bb5 Nge7 7. O-O g6 8. Ba3
d6 9. e5 Bg7 10. Ne4 dxe5 11. Bxc5 Qd5 12. Re1 f5 13. c4 Qd7 14. Nd6+ Kf8 15.
Nxe5 Bxe5 16. Rxe5 Kg7 17. Qe2 Rd8 18. Nxc8 Raxc8 19. Rxe6 Re8 20. Re1 Kf7 21.
Rd6 Qc7 22. Qe6+ Kg7 23. Rd7 1-0

[Event "London Classic Open 2016"]
[Site "London ENG"]
[Date "2016.12.15"]
[Round "8.73"]
[White "Riedener, Toni"]
[Black "Semprun Martinez, Fernando"]
[Result "0-1"]
[WhiteElo "2026"]
[BlackElo "2193"]
[WhiteFideId "1302698"]
[BlackFideId "2203170"]
[EventDate "2016.12.09"]

1. d4 Nf6 2. c4 c5 3. d5 e6 4. Nc3 exd5 5. cxd5 d6 6. e4 g6 7. f4 Bg7 8. e5 Nfd7
9. Ne4 dxe5 10. Nd6+ Ke7 11. Nxc8+ Qxc8 12. Nf3 Rd8 13. Ng5 Nb6 14. Qb3 Kf8 15.
Be2 c4 16. Qa3+ Kg8 17. O-O N8d7 18. Qg3 Nxd5 19. fxe5 Nxe5 20. Qh4 h6 21. Ne4
f5 22. Nc3 Qc5+ 23. Kh1 Qe7 24. Qh3 Nxc3 25. Qxc3 b5 26. Qh3 Nd3 27. Bf3 Nf2+ 0-1

[Event "London Classic Open 2016"]
[Site "London ENG"]
[Date "2016.12.15"]
[Round "8.74"]
[White "Rice, Chris B"]
[Black "Eames, Robert S"]
[Result "0-1"]
[BlackTitle "FM"]
[WhiteElo "2002"]
[BlackElo "2187"]
[WhiteFideId "404446"]
[BlackFideId "408743"]
[EventDate "2016.12.09"]

1. c4 e6 2. g3 d5 3. Nf3 Nf6 4. Bg2 Be7 5. O-O O-O 6. b3 c5 7. Bb2 Nc6 8. e3 d4
9. exd4 cxd4 10. Re1 Re8 11. a3 a5 12. Ne5 Nxe5 13. Rxe5 Ra7 14. d3 Bd6 15. Re1
e5 16. Nd2 Bf5 17. Qc2 b6 18. Re2 Rae7 19. Bc6 Bd7 20. Bg2 Bg4 21. Ree1 Qd7 22.
Ne4 Nxe4 23. Bxe4 Bc5 24. Qd2 Qd6 25. Kg2 Bd7 26. Qg5 Qe6 27. Re2 f5 28. Bd5 Bc6
29. Rxe5 Bxd5+ 30. Rxd5 Qe2 31. Bc1 Qxd3 32. Qxf5 Qc3 33. Rb1 Rf7 34. Qg5 Qc2 0-1

[Event "London Classic Open 2016"]
[Site "London ENG"]
[Date "2016.12.15"]
[Round "8.75"]
[White "Bratteteig, Tore-Inge"]
[Black "Bin-Suhayl, Ieysaa"]
[Result "0-1"]
[WhiteElo "1698"]
[BlackElo "1988"]
[WhiteFideId "1510711"]
[BlackFideId "429031"]
[EventDate "2016.12.09"]

1. d4 Nf6 2. c4 c5 3. d5 b5 4. cxb5 a6 5. b6 e6 6. Nc3 exd5 7. Nxd5 Nxd5 8. Qxd5
Nc6 9. Nf3 Rb8 10. g3 Rxb6 11. Bg2 Nb4 12. Qd1 d5 13. a3 Nc6 14. O-O Be7 15. Qc2
O-O 16. Rd1 Be6 17. Bf4 d4 18. Qd2 Rb5 19. e4 Na5 20. Qe2 Qb6 21. b4 Nb3 22.
bxc5 Bxc5 23. Ra2 Na5 24. Rad2 Bc4 25. Qe1 Nb3 26. Rc2 Be6 27. Bf1 Ra5 28. Bc4
Rxa3 29. Nd2 Bb4 30. Bxe6 Qxe6 31. Qe2 d3 32. Qxd3 Nxd2 33. Qd5 Nf3+ 34. Kg2 Qg4
35. Rcc1 Nh4+ 36. Kf1 Qh3+ 37. Ke2 Ng2 38. Be5 Qg4+ 39. Kf1 Qf3 40. Qd4 Ne3+ 0-1

[Event "London Classic Open 2016"]
[Site "London ENG"]
[Date "2016.12.15"]
[Round "8.76"]
[White "Varney, Zoe"]
[Black "Van der Elburg, Freddie"]
[Result "0-1"]
[WhiteElo "2000"]
[BlackElo "2135"]
[WhiteFideId "436135"]
[BlackFideId "1007904"]
[EventDate "2016.12.09"]

1. e4 c5 2. c3 d5 3. exd5 Qxd5 4. d4 Nc6 5. Nf3 Bg4 6. Be2 cxd4 7. cxd4 e6 8.
Nc3 Qa5 9. O-O Nf6 10. Be3 Be7 11. Qb3 Qb4 12. Qxb4 Nxb4 13. h3 Bh5 14. Bb5+ Kf8
15. Ne5 Bd6 16. Rac1 a6 17. Ba4 Ke7 18. Rfe1 Rac8 19. g4 Bg6 20. Bg5 h6 21. Bh4
Bh7 22. f4 Rcg8 23. g5 hxg5 24. fxg5 Bf5 25. Nf3 Nd3 26. gxf6+ gxf6+ 27. Kf1
Bxh3+ 28. Ke2 Nxc1+ 29. Rxc1 Bg4 30. Rh1 Bg3 31. Bxf6+ Kxf6 32. Ne4+ Kf5 33.
Nxg3+ Kf4 34. Rf1 Rh2+ 35. Kd3 Bxf3 36. Ne4 Rh1 37. Rf2 Rg2 38. Rxg2 Bxe4+ 0-1

[Event "London Classic Open 2016"]
[Site "London ENG"]
[Date "2016.12.15"]
[Round "8.77"]
[White "Coote, Trevor D"]
[Black "Edwards, Simon R"]
[Result "1/2-1/2"]
[WhiteElo "2132"]
[BlackElo "1976"]
[WhiteFideId "410039"]
[BlackFideId "406821"]
[EventDate "2016.12.09"]

1. d4 Nf6 2. g4 Nxg4 3. e4 d6 4. Be2 Nf6 5. Nc3 Nbd7 6. f4 e5 7. dxe5 dxe5 8.
fxe5 Nxe5 9. Qxd8+ Kxd8 10. Bf4 Bd6 11. O-O-O Ke7 12. Bg5 Be6 13. Nf3 h6 14.
Bxf6+ Kxf6 15. Nd4 a6 16. Nd5+ Bxd5 17. Rhf1+ Kg6 18. Rg1+ Kh7 19. Nf5 g6 20.
Nxd6 Bc6 21. Nc4 Rhe8 22. Rgf1 Kg7 23. Bd3 Rad8 24. Na5 Nxd3+ 25. cxd3 Bb5 26.
Kc2 b6 27. Nb3 a5 28. Nc1 Re5 29. Rf2 Rf8 30. Ne2 Bd7 31. Nc3 c5 32. Nd5 b5 33.
Rg1 Bc6 34. Nf6 c4 35. dxc4 Bxe4+ 36. Nxe4 Rxe4 37. cxb5 Rb4 38. Rd1 Rc8+ 39.
Kb1 Rc7 40. Rd5 Rb7 41. b6 a4 42. a3 R4xb6 1/2-1/2